معجم : أحادى اللغة لمتعلمى اللغة العربية من غير الناطقين بها
Saved in:
| 主要作者: | |
|---|---|
| 其他作者: | |
| 格式: | Thesis |
| 语言: | Arabic |
| 出版: |
خرطوم
: معهد خرطوم دولى غة عربية،
1990
|
| 主题: | |
| 标签: |
添加标签
没有标签, 成为第一个标记此记录!
|
| LEADER | 012150000a22003010004500 | ||
|---|---|---|---|
| 001 | 65150 | ||
| 005 | 20091201114200.0 | ||
| 008 | 930220s1990 ara | ||
| 035 | |a 235480 | ||
| 035 | |a (Sirsi) 65150 | ||
| 040 | |a UIAM |b eng | ||
| 049 | |b m | ||
| 050 | |a PJ6612 | ||
| 100 | 1 | |a محمد، ابراهيم على | |
| 245 | 1 | 0 | |a معجم : |b أحادى اللغة لمتعلمى اللغة العربية من غير الناطقين بها |
| 246 | 0 | 0 | |a Mu'jam :ahadi al-lughah limuta'alami al-lughat al-'Arabiyah min ghayr al-natiqin biha / |c Ibrahim 'Ali Muhammad |
| 260 | 1 | |a خرطوم |b : معهد خرطوم دولى غة عربية، |c 1990 | |
| 300 | |a 114p. | ||
| 502 | |a (M.A.)--Ma'had al-Khartoum al-Dawli lil-Lughat al-'Arabiyah, 1990 | ||
| 533 | |a One copy | ||
| 596 | |a 1 | ||
| 650 | 0 | |a Arabic language |x Lexicography | |
| 700 | 1 | |a Muhammad, Ibrahim 'Ali | |
| 710 | 1 | |a Ma'had al-Khartum al-Dawli lil-Lughah al-'Arabiyah | |
| 710 | 2 | |a Munazzamah al-'Arabiyah lil-Tarbiyah wa-al-Thaqafah wa-al-'Ulum | |
| 900 | |a ana-zmy-naw | ||
| 999 | |c 430218 |d 461709 | ||
| 952 | |0 0 |6 T PJ 006612 M9522M |7 0 |8 THESES |9 749352 |a IIUM |b IIUM |c MULTIMEDIA |g 0.00 |o t PJ6612M9522M |p 00000145213 |r 2017-10-20 |t 1 |v 0.00 |y THESIS | ||
